[Event "Titled Tuesday intern op 09th Jul Early"]
[Site "Chess.com INT"]
[Date "2024.07.09"]
[Round "3"]
[White "Toro Castaneda, Elizabeth"]
[Black "Herman, Matthew J"]
[Result "0-1"]
[WhiteElo "1949"]
[BlackElo "2383"]
[PlyCount "88"]
[EventDate "2024.07.09"]
[EventType "swiss (blitz)"]
[EventRounds "11"]
[EventCountry "USA"]
[SourceTitle "EXT 2025"]
[Source "ChessBase"]
[SourceDate "2024.10.14"]
[SourceVersion "1"]
[SourceVersionDate "2024.10.14"]
[SourceQuality "1"]

1. e4 e5 2. Nf3 Nc6 3. Bc4 Nf6 4. d3 Be7 5. 0-0 0-0 6. c3 d6 7. Re1 Na5 8. Bb3 Nxb3 9. axb3 h6 10. Nbd2 Re8 11. Nc4 Bf8 12. Qc2 Bg4 13. Nfd2 c5 14. Ne3 Be6 15. Ndf1 g6 16. Bd2 d5 17. exd5 Nxd5 18. Nc4 Bf5 19. Nxe5 Bg7 20. f4 Qc7 21. Ng3 Be6 22. Ra4 a5 23. Rae4 Rad8 24. Nxg6 fxg6 25. Rxe6 Rxe6 26. Rxe6 Nxf4 27. Bxf4 Qxf4 28. Qe2 Qc1+ 29. Nf1 Kh7 30. Re7 Rf8 31. h4 h5 32. Rxb7 Kh8 33. Re7 Bf6 34. Re8 Rxe8 35. Qxe8+ Kg7 36. Qd7+ Kh6 37. Qh3 Qxb2 38. Qe3+ Kg7 39. Qxc5 Bxc3 40. Qe7+ Kh6 41. Qe3+ Kh7 42. Qe7+ Kh6 43. Qe3+ Kh7 44. Qe7+ Bg7 0-1

[Event "Titled Tuesday intern op 25th Jun Early"]
[Site "Chess.com INT"]
[Date "2024.06.25"]
[Round "1"]
[White "Carlsen, Magnus"]
[Black "Herman, Matthew J"]
[Result "1-0"]
[WhiteElo "2830"]
[BlackElo "2383"]
[PlyCount "75"]
[EventDate "2024.06.25"]
[EventType "swiss (blitz)"]
[EventRounds "11"]
[EventCountry "USA"]
[SourceTitle "EXT 2025"]
[Source "ChessBase"]
[SourceDate "2024.10.14"]
[SourceVersion "1"]
[SourceVersionDate "2024.10.14"]
[SourceQuality "1"]

1. e4 e5 2. Nf3 Nc6 3. Bc4 Nf6 4. d3 Be7 5. 0-0 0-0 6. Re1 d6 7. c3 h6 8. Nbd2 Re8 9. h3 Bf8 10. a4 a5 11. Nf1 Be6 12. Bb5 Bd7 13. Ng3 Ne7 14. Bc4 Ng6 15. Qb3 Be6 16. Bxe6 Rxe6 17. Qxb7 d5 18. Qb3 Rb8 19. Qc2 Bc5 20. d4 exd4 21. e5 Ne4 22. cxd4 Bb4 23. Nxe4 dxe4 24. Rxe4 Qd5 25. Re2 Rd8 26. Qe4 Qb3 27. Be3 Ne7 28. Qc2 Qd5 29. Rc1 Rc6 30. Qb1 Rxc1+ 31. Qxc1 c5 32. dxc5 Nf5 33. c6 Rc8 34. Rc2 Nxe3 35. fxe3 Qe4 36. Rc4 Qd3 37. c7 Qe2 38. Rd4 1-0

[Event "Titled Tuesday intern op 25th Jun Early"]
[Site "Chess.com INT"]
[Date "2024.06.25"]
[Round "7"]
[White "Ostrovskiy, Aleksandr A"]
[Black "Herman, Matthew J"]
[Result "1-0"]
[WhiteElo "2400"]
[BlackElo "2383"]
[PlyCount "113"]
[EventDate "2024.06.25"]
[EventType "swiss (blitz)"]
[EventRounds "11"]
[EventCountry "USA"]
[SourceTitle "EXT 2025"]
[Source "ChessBase"]
[SourceDate "2024.10.14"]
[SourceVersion "1"]
[SourceVersionDate "2024.10.14"]
[SourceQuality "1"]

1. e4 e6 2. d4 d5 3. exd5 exd5 4. Nf3 Bd6 5. Bd3 Ne7 6. 0-0 h6 7. Re1 0-0 8. c4 c6 9. Nc3 Bg4 10. h3 Bh5 11. c5 Bc7 12. b4 a6 13. a4 Nd7 14. Rb1 f5 15. b5 axb5 16. axb5 Nf6 17. Be2 Bxf3 18. Bxf3 Ne4 19. Ne2 Ng6 20. Bh5 Nxf2 21. Qb3 Qh4 22. Rf1 Qxh5 23. Rxf2 Rae8 24. Qd3 Re4 25. bxc6 bxc6 26. Rb7 Rf7 27. Rxc7 Rxc7 28. Ng3 Re1+ 29. Kh2 Qd1 30. Bd2 Nh4 31. Qa6 Kh7 32. Bxe1 Qxe1 33. Re2 Qc3 34. Qb6 Rf7 35. Qxc6 Qxd4 36. Qd6 f4 37. Nh5 Qd3 38. Qe6 f3 39. Qxf7 Qg6 40. Qxg6+ Kxg6 41. Nf4+ Kf5 42. gxf3 Kxf4 43. Rc2 Nxf3+ 44. Kh1 Ne5 45. c6 d4 46. c7 d3 47. Rc1 d2 48. Rd1 Ke3 49. c8Q Nf3 50. Rxd2 Nxd2 51. Qd7 Ne4 52. Qxg7 h5 53. Qh6+ Kf3 54. Kh2 Kf2 55. Qxh5 Nd2 56. Qf5+ Nf3+ 57. Kh1 1-0

[Event "Titled Tuesday intern op 09th Apr Early"]
[Site "Chess.com INT"]
[Date "2024.04.09"]
[Round "4"]
[White "Herman, Matthew J"]
[Black "Koridze, Lile"]
[Result "1-0"]
[WhiteElo "2383"]
[BlackElo "2121"]
[PlyCount "63"]
[EventDate "2024.04.09"]
[EventType "swiss (blitz)"]
[EventRounds "11"]
[EventCountry "USA"]
[SourceTitle "EXT 2025"]
[Source "ChessBase"]
[SourceDate "2024.10.14"]
[SourceVersion "1"]
[SourceVersionDate "2024.10.14"]
[SourceQuality "1"]

1. e4 c5 2. Nf3 d6 3. d4 cxd4 4. Nxd4 Nf6 5. Nc3 a6 6. Bc4 e6 7. a3 Qc7 8. Ba2 b5 9. Qe2 Bb7 10. g4 h6 11. Rg1 Nbd7 12. h4 Nc5 13. f3 Be7 14. g5 hxg5 15. hxg5 Nh5 16. Be3 0-0-0 17. 0-0-0 Kb8 18. g6 Bf6 19. gxf7 Qxf7 20. b4 Bxd4 21. Rxd4 Nd7 22. Rxd6 Qf6 23. Nb1 Ne5 24. Rxd8+ Rxd8 25. Qh2 g6 26. Rg5 Qxf3 27. Qxe5+ Ka8 28. Qc5 Qd1+ 29. Kb2 Kb8 30. Nc3 Qd7 31. Qa7+ Kc8 32. Rc5+ 1-0